A nem vagyoni kártérítés
Elmentve itt :
| Szerző: | |
|---|---|
| További közreműködők: | |
| Dokumentumtípus: | Szakdolgozat |
| Megjelent: |
2006
|
| Tárgyszavak: | |
| Online Access: | http://diploma.bibl.u-szeged.hu/29657 |
| LEADER | 00532nta a2200157 i 4500 | ||
|---|---|---|---|
| 001 | dipl29657 | ||
| 005 | 20130314090451.0 | ||
| 008 | 110721s2006 hu om 0|| zxx d | ||
| 040 | |a SZTE Diploma Repozitórium |b hun | ||
| 041 | |a zxx | ||
| 100 | 1 | |a Krizsán Nóra | |
| 245 | 1 | 2 | |a A nem vagyoni kártérítés |h [elektronikus dokumentum] / |c Nóra Krizsán |
| 260 | |c 2006 | ||
| 650 | 4 | |a Jogi és igazgatási tanulmányok | |
| 700 | 1 | |a Papp Tekla |e ths | |
| 856 | 4 | 0 | |u http://diploma.bibl.u-szeged.hu/id/eprint/29657/1/2006_krizsan_nora.pdf |z Dokumentum-elérés |